000 00400nam a22001577a 4500
003 OSt
005 20260324152017.0
008 260324b |||||||| |||| 00| 0 eng d
020 _a9780415273459
040 _cIIMT UNIVERSITY, MEERUT
100 _aYong-Su Zhen
245 _aTea: Bioactivity and Therapeutic Potential
260 _aNEW DELHI
_bCRC Press
_c2012
300 _a267
942 _2ddc
_c01
999 _c67537
_d67537